| 000 | 00657nam a2200241Ia 4500 | ||
|---|---|---|---|
| 005 | 20260429111844.0 | ||
| 008 | 260429s9999||||xx |||||||||||||| ||und|| | ||
| 020 | _a9789394883376 | ||
| 041 | _aEnglish | ||
| 082 |
_a004 _bJOS |
||
| 100 | _aJosphineleela, R. | ||
| 245 | 0 |
_aInformation technology essentials / _cR. Josphineleela |
|
| 250 | _a1st ed. | ||
| 260 |
_aNew Delhi : _bAne Books, _c2025. |
||
| 300 | _axix, 350 p.; hb | ||
| 650 | _a Information technology | ||
| 650 | _a Mobile communication | ||
| 650 | _a Networking | ||
| 650 | _aComputer science | ||
| 700 | _a Dhanalakshmi, G. | ||
| 700 | _a Mary, S. Suma Christal | ||
| 942 | _cTB | ||
| 999 |
_c51156 _d51156 |
||